[Event "EU-ch Amateur U1700"]
[Site "Rhodes"]
[Date "2019.04.10"]
[Round "5.6"]
[White "Papadopoulos, Panteleimon"]
[Black "Meremyanina, Kseniya"]
[Result "0-1"]
[WhiteElo "1384"]
[BlackElo "1577"]
[PlyCount "104"]
[EventDate "2019.04.06"]
[EventType "swiss"]
[EventRounds "9"]
[EventCountry "GRE"]
[SourceTitle "EXT 2024"]
[Source "ChessBase"]
[SourceDate "2023.10.10"]
[SourceVersion "1"]
[SourceVersionDate "2023.10.10"]
[SourceQuality "1"]

1. e4 e6 2. d4 d5 3. Nc3 Bb4 4. e5 c5 5. a3 Bxc3+ 6. bxc3 Ne7 7. Qg4 Qa5 8. Bd2 Qa4 9. Rc1 Nbc6 10. Nf3 0-0 11. Be2 Ng6 12. h4 f5 13. Qg5 cxd4 14. cxd4 Nxd4 15. Bb4 Nxf3+ 16. gxf3 Rf7 17. f4 a5 18. Qd8+ Nf8 19. Bd6 Qxf4 20. Rd1 b5 21. Rg1 Bb7 22. Qg5 Qxg5 23. Rxg5 Ba6 24. Bh5 Rb7 25. Kd2 Rc8 26. Be2 Nd7 27. Rdg1 Nc5 28. f3 Na4 29. h5 Nc3 30. Bd3 Na4 31. h6 g6 32. Be2 Nb6 33. Rb1 Nc4+ 34. Bxc4 Rxc4 35. Rbg1 Rh4 36. Re1 Rxh6 37. Rg2 Rh4 38. Re3 b4 39. axb4 axb4 40. Rb3 Kf7 41. Rb2 h6 42. Ra2 Bc4 43. Ra8 g5 44. Rf8+ Kg7 45. Rf6 d4 46. Bf8+ Kh7 47. f4 g4 48. Bc5 Rh3 49. Rf8 d3 50. Rd8 dxc2 51. Kxc2 Bd5 52. Rc8 Bxg2 0-1

[Event "GRE-chT 46th"]
[Site "Rio Achaia"]
[Date "2018.07.15"]
[Round "7.16"]
[White "Papadopoulos, Panteleimon"]
[Black "Bebis, Epaminondas Alexand"]
[Result "0-1"]
[WhiteElo "1422"]
[BlackElo "1554"]
[PlyCount "78"]
[EventDate "2018.07.10"]
[EventType "team"]
[EventRounds "7"]
[EventCountry "GRE"]
[SourceTitle "CBM 185 Extra"]
[Source "ChessBase"]
[SourceDate "2018.07.29"]
[SourceVersion "1"]
[SourceVersionDate "2018.07.29"]
[SourceQuality "1"]
[WhiteTeam "Asos Rodou Hippotis"]
[BlackTeam "Ioannites Skakiston"]
[WhiteTeamCountry "GRE"]
[BlackTeamCountry "GRE"]

1. e4 c6 2. d4 d5 3. e5 Bf5 4. Bd3 Bxd3 5. Qxd3 e6 6. Ne2 Qb6 7. 0-0 c5 8. c4 Nc6 9. cxd5 Nb4 10. Qb3 Nxd5 11. Qxb6 axb6 12. a3 Nge7 13. Rd1 Nc6 14. Be3 Ncb4 15. Rd2 Be7 16. Nbc3 Nxe3 17. fxe3 Bg5 18. Kf2 c4 19. Nb5 0-0 20. Nd6 f6 21. Ng1 fxe5+ 22. Nf3 exd4 23. Nxc4 b5 24. exd4 bxc4 25. Re2 Nd3+ 26. Kg1 Bc1 27. Rb1 Ra6 28. Rc2 Be3+ 29. Kf1 Bxd4 30. Rxc4 Bxb2 31. a4 Ne5 32. Rb4 Nxf3 33. gxf3 Be5 34. Kg2 Rf7 35. Re4 Bf6 36. Reb4 h6 37. Kg3 Rd7 38. Re4 Rd4 39. Rxe6 Rxe6 0-1

[Event "GRE-chT 46th"]
[Site "Rio Achaia"]
[Date "2018.07.13"]
[Round "5.13"]
[White "Kadianis, Georgios"]
[Black "Papadopoulos, Panteleimon"]
[Result "1-0"]
[WhiteElo "2002"]
[BlackElo "1422"]
[PlyCount "43"]
[EventDate "2018.07.10"]
[EventType "team"]
[EventRounds "7"]
[EventCountry "GRE"]
[SourceTitle "CBM 185 Extra"]
[Source "ChessBase"]
[SourceDate "2018.07.29"]
[SourceVersion "1"]
[SourceVersionDate "2018.07.29"]
[SourceQuality "1"]
[WhiteTeam "OFI"]
[BlackTeam "Asos Rodou Hippotis"]
[WhiteTeamCountry "GRE"]
[BlackTeamCountry "GRE"]

1. e4 e5 2. Nf3 Nc6 3. d4 exd4 4. Nxd4 Bc5 5. Nb3 Bb6 6. Nc3 Nf6 7. Qe2 d6 8. Be3 0-0 9. 0-0-0 Re8 10. f3 Be6 11. g4 d5 12. Bxb6 axb6 13. Qf2 Qd6 14. Kb1 Red8 15. g5 Nh5 16. exd5 Nb4 17. dxe6 Qxe6 18. Rxd8+ Rxd8 19. Qh4 Qg6 20. Qxb4 Qxg5 21. Bd3 Qg2 22. Re1 1-0

[Event "GRE-chT 46th"]
[Site "Rio Achaia"]
[Date "2018.07.11"]
[Round "3.15"]
[White "Papadopoulos, Panteleimon"]
[Black "Argyropoulos, Theodoros"]
[Result "1/2-1/2"]
[WhiteElo "1422"]
[BlackElo "1539"]
[PlyCount "95"]
[EventDate "2018.07.10"]
[EventType "team"]
[EventRounds "7"]
[EventCountry "GRE"]
[SourceTitle "CBM 185 Extra"]
[Source "ChessBase"]
[SourceDate "2018.07.29"]
[SourceVersion "1"]
[SourceVersionDate "2018.07.29"]
[SourceQuality "1"]
[WhiteTeam "Asos Rodou Hippotis"]
[BlackTeam "Patras Shipping Company"]
[WhiteTeamCountry "GRE"]
[BlackTeamCountry "GRE"]

1. e4 c5 2. Nf3 g6 3. d4 cxd4 4. Nxd4 Nc6 5. Be3 Nf6 6. f3 Bg7 7. c4 0-0 8. Nc3 d6 9. Qd2 Bd7 10. g4 h5 11. h3 Kh7 12. Be2 a5 13. Rd1 Rc8 14. a3 Ne5 15. b3 a4 16. f4 Nc6 17. b4 Rh8 18. Ndb5 Kg8 19. g5 Nh7 20. Nxa4 Ra8 21. Nb6 Ra6 22. Nxd7 Qxd7 23. c5 Na7 24. Nxa7 Rxa7 25. Qa2 Ra8 26. Bc4 Qc6 27. Bxf7+ Kf8 28. Bd5 Qa6 29. Bc1 dxc5 30. Qc4 Qxc4 31. Bxc4 Bc3+ 32. Bd2 Rxa3 33. bxc5 Bxd2+ 34. Kxd2 Ra5 35. Bd5 Rxc5 36. Bxb7 e5 37. Rhf1 Ke7 38. h4 Rd8+ 39. Bd5 Kd6 40. fxe5+ Kxe5 41. Rf7 Nf8 42. Rf6 Rb8 43. Ke3 Rc3+ 44. Rd3 Rc1 45. Rd2 Rc3+ 46. Rd3 Rc1 47. Bc6 Rc5 48. Bd5 1/2-1/2

[Event "GRE-chT 46th"]
[Site "Rio Achaia"]
[Date "2018.07.10"]
[Round "1.13"]
[White "Papadopoulos, Panteleimon"]
[Black "Grigoriadis, Mihail"]
[Result "0-1"]
[WhiteElo "1422"]
[BlackElo "2236"]
[PlyCount "102"]
[EventDate "2018.07.10"]
[EventType "team"]
[EventRounds "7"]
[EventCountry "GRE"]
[SourceTitle "CBM 185 Extra"]
[Source "ChessBase"]
[SourceDate "2018.07.29"]
[SourceVersion "1"]
[SourceVersionDate "2018.07.29"]
[SourceQuality "1"]
[WhiteTeam "Asos Rodou Hippotis"]
[BlackTeam "3 Stars 89"]
[WhiteTeamCountry "GRE"]
[BlackTeamCountry "GRE"]

1. e4 c5 2. Nf3 Nc6 3. d4 cxd4 4. Nxd4 d6 5. Nc3 a6 6. Be3 Nf6 7. Be2 g6 8. f3 Bg7 9. Qd2 0-0 10. 0-0-0 Nxd4 11. Bxd4 b5 12. Nd5 Nxd5 13. Bxg7 Kxg7 14. Qxd5 Be6 15. Qd4+ f6 16. Qc3 Qb6 17. a3 Rfc8 18. Qd4 Qc6 19. Bd3 a5 20. g4 Bb3 21. Kd2 e5 22. Qc3 Qxc3+ 23. bxc3 Ba4 24. Rb1 Rc5 25. h4 Rac8 26. Rb2 Rxc3 27. Ra2 R3c5 28. Rb2 Kf7 29. Rhb1 Ke6 30. Rh1 R8c7 31. h5 g5 32. Rd1 d5 33. exd5+ Rxd5 34. Ke2 h6 35. Bf5+ Kd6 36. Bd3 Rd4 37. Rd2 Rc5 38. Ke3 Rc3 39. Ra2 Kc5 40. Ke2 Kb6 41. Rd1 b4 42. Rb1 Bc6 43. axb4 Rxb4 44. Rxb4+ axb4 45. Ra6+ Kb7 46. Ra1 Kb6 47. Ra6+ Kc5 48. Ra7 b3 49. Ra3 Kd4 50. Rxb3 Rxb3 51. cxb3 Bxf3+ 0-1

[Event "GRE-chT 44th"]
[Site "Achaia"]
[Date "2016.07.06"]
[Round "2.11"]
[White "Papadopoulos, Panteleimon"]
[Black "Nasos, Valerios"]
[Result "1/2-1/2"]
[WhiteElo "1396"]
[BlackElo "1237"]
[PlyCount "136"]
[EventDate "2016.07.05"]
[EventType "team-swiss"]
[EventRounds "7"]
[EventCountry "GRE"]
[SourceTitle "CBM 173 Extra"]
[Source "ChessBase"]
[SourceDate "2016.08.29"]
[SourceVersion "1"]
[SourceVersionDate "2016.08.29"]
[SourceQuality "1"]
[WhiteTeam "Rhodes Knight"]
[BlackTeam "Alexandroupolis Ethnikos"]
[WhiteTeamCountry "GRE"]
[BlackTeamCountry "GRE"]

1. d4 Nf6 2. Nf3 g6 3. g3 Bg7 4. Bg2 d6 5. 0-0 0-0 6. Nc3 Nbd7 7. e4 e5 8. dxe5 dxe5 9. b3 Qe7 10. Bb2 Rd8 11. Qe2 Nf8 12. Rad1 Bg4 13. h3 Bxf3 14. Bxf3 Ne6 15. Nd5 Nxd5 16. exd5 Ng5 17. Bg2 f5 18. h4 Nf7 19. c4 Re8 20. Rfe1 f4 21. Qg4 fxg3 22. fxg3 Qc5+ 23. Kh2 Nh6 24. Qg5 Qf2 25. Qd2 Ng4+ 26. Kh3 Qf5 27. Rb1 Bh6 28. Qe2 Ne3+ 29. Kh2 Nxg2 30. Kxg2 Bg7 31. Rf1 Qd7 32. Rbe1 Qd6 33. Qg4 b5 34. a3 Rab8 35. b4 a5 36. Bc3 a4 37. Qe4 bxc4 38. Qxc4 Red8 39. Rd1 Re8 40. Qc5 Qd8 41. Qc6 Ra8 42. Rc1 Bf8 43. Bd2 Bd6 44. Bg5 Qc8 45. Rf6 Qg4 46. Rf3 Qd4 47. Qc4 Qb6 48. Be3 Qb7 49. Bc5 Rec8 50. Rcf1 Qb8 51. Rf7 Bxc5 52. Qxc5 Qb7 53. Re7 Rf8 54. Rxf8+ Rxf8 55. Rxe5 Qa6 56. b5 Qf6 57. Re1 Qf3+ 58. Kh2 Qh5 59. Qd4 Qf3 60. Qe3 Qxd5 61. Qe6+ Qxe6 62. Rxe6 Rf2+ 63. Kg1 Rc2 64. Re4 Rb2 65. Rxa4 Rxb5 66. Kf2 Rb3 67. g4 c5 68. g5 c4 1/2-1/2